Legal ethics : accountablility for lawyers and bench-bar relations (Record no. 295404)
[ view plain ]
| 000 -LEADER | |
|---|---|
| fixed length control field | 00512nam a2200205Ia 4500 |
| 003 - CONTROL NUMBER IDENTIFIER | |
| control field | OSt |
| 005 - DATE AND TIME OF LATEST TRANSACTION | |
| control field | 20240930134134.0 |
| 008 - FIXED-LENGTH DATA ELEMENTS--GENERAL INFORMATION | |
| fixed length control field | 240126s9999 xx 000 0 und d |
| 020 ## - INTERNATIONAL STANDARD BOOK NUMBER | |
| International Standard Book Number | 9789382676010 |
| 040 ## - CATALOGING SOURCE | |
| Transcribing agency | 0 |
| 041 ## - LANGUAGE CODE | |
| Language code of text/sound track or separate title | English |
| 082 ## - DEWEY DECIMAL CLASSIFICATION NUMBER | |
| Classification number | 174.3 RAI;1 R |
| 100 ## - MAIN ENTRY--PERSONAL NAME | |
| Personal name | Rai, Kailash. |
| 245 #0 - TITLE STATEMENT | |
| Title | Legal ethics : accountablility for lawyers and bench-bar relations |
| 250 ## - EDITION STATEMENT | |
| Edition statement | 11th ed. |
| 260 ## - PUBLICATION, DISTRIBUTION, ETC. | |
| Name of publisher, distributor, etc. | Central Law Pub. |
| Place of publication, distribution, etc. | Allahabad |
| 300 ## - PHYSICAL DESCRIPTION | |
| Extent | xxiv, 440 |
| 440 ## - SERIES STATEMENT/ADDED ENTRY--TITLE | |
| Title | NULL |
| 942 ## - ADDED ENTRY ELEMENTS (KOHA) | |
| Koha item type | Law Books |
| Source of classification or shelving scheme | Dewey Decimal Classification |
| Date last seen | Total checkouts | Full call number | Accession number | Volume/Issue Number | Date last checked out | Cost, total (INR) price | Price effective from | Category | Lost status | Source of classification or shelving scheme | Damaged status | Department | Withdrawn status | Home library | Current library | Shelving location | Entry date | Vendor | Coded location qualifier | Cost, normal purchase price | Grants | Billnumber | Currency symbol | Conversion rate | Discount | Total renewals |
|---|---|---|---|---|---|---|---|---|---|---|---|---|---|---|---|---|---|---|---|---|---|---|---|---|---|---|
| 08/04/2025 | 1 | 174.3 RAI;1 R | LL2715 | (05/07/1905) | 30/12/2024 | 484.50 | 26/01/2024 | Law Books | Dewey Decimal Classification | LAW | Law Library | Law Library | 17/03/2023 | KL Book House | LL-1 | 570.00 | Law | KLBH/IN/649/2022-23 | RS | 1 | 15 | |||||
| 14/05/2025 | 1 | 174.3 RAI;2 R1 | LL2716 | (05/07/1905) | 21/01/2025 | 484.50 | 26/01/2024 | Law Books | Dewey Decimal Classification | LAW | Law Library | Law Library | 17/03/2023 | KL Book House | LL-1 | 570.00 | Law | KLBH/IN/649/2022-23 | RS | 1 | 15 | 5 |
